000
00406nam a2200133Ia 4500
008
100328s9999 xx 000 0 und d
082
_b
58171
100
_a
देशपांडे ना.व्यं.
245
_a
सरकार ते सरकार
260
_b
मौज
630
_a
सरकार ते सरकार
730
_a
सरकार ते सरकार
942
_c
BOOK
999
_c
544534
_d
544531